| 000 | 00731nam a22002417a 4500 | ||
|---|---|---|---|
| 003 | DO-SdBPM | ||
| 005 | 20250212083306.0 | ||
| 008 | 160315b1990 sp || 00| 0 spa d | ||
| 020 | _a8475618979 | ||
| 040 |
_aDO-SdBPM _bspa _cBPMSU |
||
| 082 | 4 |
_a843.48 _bF284 p _222 |
|
| 092 |
_axxxx _bxxxx |
||
| 100 | 1 |
_aFayettes, Madame de la _d1634-1693 |
|
| 245 | 1 | 0 |
_aLa princesa de Cléves / _c M. La Fayette. |
| 260 |
_aBarcelona : _bEditors, D.L., _c1990. |
||
| 300 |
_a163 p. ; _c18 cm. |
||
| 490 | 0 | _aGrandes escritores universales | |
| 590 | _aInventariado, 2025/VM | ||
| 650 | 4 | _aNovela francesa | |
| 651 | 4 |
_a Francia _xVida social y costumbres _vNovela |
|
| 910 | _aVMateo V. Control de calidad.. BPMSU | ||
| 942 |
_2ddc _cBK |
||
| 999 |
_c9233 _d9233 |
||